The rainforest harvest: sustainable strategies for saving the tropical forests ? : including the proceedings of an International Conference held at the Royal Geographical Society, London 17-18th May 1990 (Record no. 597313)

MARC details
000 -LEADER
fixed length control field 00919nam a2200145Ia 4500
008 - FIXED-LENGTH DATA ELEMENTS--GENERAL INFORMATION
fixed length control field 100415s9999 xx 000 0 und d
082 ## - DEWEY DECIMAL CLASSIFICATION NUMBER
Item number 14415
Classification number 574.5
100 ## - MAIN ENTRY--PERSONAL NAME
Personal name Counsell Simon (ed.)
245 ## - TITLE STATEMENT
Title The rainforest harvest: sustainable strategies for saving the tropical forests ? : including the proceedings of an International Conference held at the Royal Geographical Society, London 17-18th May 1990
260 ## - PUBLICATION, DISTRIBUTION, ETC. (IMPRINT)
Date of publication, distribution, etc 1992
Name of publisher, distributor, etc FRIENDS OF THE EARTH
365 ## - TRADE PRICE
Price amount 0
630 ## - SUBJECT ADDED ENTRY--UNIFORM TITLE
Uniform title The rainforest harvest: sustainable strategies for saving the tropical forests ? : including the proceedings of an International Conference held at the Royal Geographical Society, London 17-18th May 1990
730 ## - ADDED ENTRY--UNIFORM TITLE
Uniform title The rainforest harvest: sustainable strategies for saving the tropical forests ? : including the proceedings of an International Conference held at the Royal Geographical Society, London 17-18th May 1990
942 ## - ADDED ENTRY ELEMENTS (KOHA)
Koha item type Book
Holdings
Withdrawn status Lost status Damaged status Not for loan Home library Current library Date acquired Cost, normal purchase price Total Checkouts Full call number Barcode Date last seen Price effective from Koha item type
        Bombay Natural History Society Bombay Natural History Society 06/22/1995 0.00   574.5 14415 BNHS-14415 04/15/2010 04/15/2010 Book